Politická ekonómia obsahovo-metodická pomôcka pre vedeckých ašpirantov a postgraduálne kurzy

Gespeichert in:
Bibliographische Detailangaben
1. Verfasser: Košnár, Jozef
Körperschaft: Vysoká škola ekonomická v Bratislave. Národohospodárska fakulta
Weitere Verfasser: Zbruž, Vladislav
Format: Buch
Sprache:Slowakisch
Veröffentlicht: Bratislava Vysoká škola ekonomická 1984
Tags: Tag hinzufügen
Keine Tags, Fügen Sie das erste Tag hinzu!

MARC

LEADER 00000nam a2200000 4500
001 c115624
005 20230116121457.0
041 0 |a slo 
044 |a SK 
245 1 0 |a Politická ekonómia  |b obsahovo-metodická pomôcka pre vedeckých ašpirantov a postgraduálne kurzy  |c Jozef Košnár, Vladislav Zbruž 
264 1 |a Bratislava  |b Vysoká škola ekonomická  |c 1984 
300 |a 198 s. 
100 1 |a Košnár, Jozef 
700 1 |a Zbruž, Vladislav 
710 2 |a Vysoká škola ekonomická v Bratislave. Národohospodárska fakulta